• 首页
  • 本馆介绍
  • 公告通知
  • 最新文献
  • 馆藏检索
  • 电子资源
  • 读者导购
  • 参考咨询
  • 我的图书馆
  • 登录
  • 详细信息显示
  • 放入我的书架
  • 预约/预借图书
  • 作者相关作品
  • 分类相关作品
  • 丛书相关作品
  • 出版社相关作品

书目信息

  • 表格格式
  • 工作单格式
  • 卡片格式
题名:
藏书建设与读者工作学习指导书
    
 
作者: 沈继武
分册:  
出版信息:   武汉大学出版社  1987.10
页数: 94页
开本: 32开
丛书名:
单 册:
中图分类: G253-42
科图分类:
主题词: 图书馆学 , 图书馆事业
电子资源:
ISBN: 7-307-00024-5
000 00577nam0 2200193 45
001 9911301546
005 19991130154238.9
010    @a7-307-00024-5@d0.57
100    @a19991130d1987 km y0chiy0120 ea
101    @achi
105    @a z 000yy
200 1  @a藏书建设与读者工作学习指导书@ACang Shu Jian She Yu Du Zhe Gong Zuo Xue Xi Zhi Dao Shu@f沈继武@FShen Ji Wu
210    @c武汉大学出版社@d1987.10
215    @a94页@c无图表@d32开
606 0  @a图书馆学
606 0  @a图书馆事业
690    @aG253-42@v3
801    @aCN@bPerfectUser@c19991130
905    @aBZT@b23483@f2@dG253-42@e2
    
    藏书建设与读者工作学习指导书/沈继武.-武汉大学出版社,1987.10
    94页:无图表;32开
    
    
    ISBN 7-307-00024-5:0.57
    
●
相关链接 在五车中查询图书 在当当中查询图书 在豆瓣中查询图书


正题名:藏书建设与读者工作学习指导书     索取号:G253-42/2         预约/预借

序号 登录号 条形码 馆藏地/架位号 状态 备注
1 23483   200427813   中心书库北库/ 北库032架B面3列6层26/ [索取号:G253-42/2] 在馆    
2 23492   200540682   中心书库北库/ 北库032架B面3列6层58/ [索取号:G253-42/2] 在馆    
山东省滨州职业学院图书馆 欢迎您!
大连网信软件有限公司© 版权所有